000 00321nam a2200133Ia 4500
008 150301s2015 xx 000 0 und d
082 _a615.4
_bP13D
100 _aDASGUPTA, T.K
245 _aPHARMA STROKE: PREPARATION FOR GPAT
260 _bAITBS DELHI
300 _a305
650 _aPHARMACEUTICS
942 _2ddc
_cBK
_07
999 _c7278
_d7278